| 000 | 00767nam a22001817a 4500 | ||
|---|---|---|---|
| 999 |
_c61505 _d61505 |
||
| 005 | 20240320151949.0 | ||
| 008 | 240320c2005 ge ||||| |||| 00| 0 geo d | ||
| 022 | _a15120880 | ||
| 041 | _ageo | ||
| 245 |
_aსაქართველოს ბიბლიოთეკა : _b2005 / _cრედ.: ალექსანდრე ლორია, გურამ თაყნიაშვილი |
||
| 260 |
_aთბილისი, _c2000- |
||
| 300 | _aV. | ||
| 653 | _a ბიბლიოთეკა | ||
| 653 | _aპერიოდიკა | ||
| 700 |
_aლორია, ალექსანდრე _eრედქტორი _921493 |
||
| 700 |
_aთაყნიაშვილი, გურამ _eრედაქტორი _921480 |
||
| 942 |
_2udc _cCR |
||